| 000 | 00575nam a2200193 i 4500 | ||
|---|---|---|---|
| 001 | bgj | ||
| 100 | 1 |
_aJONES, Leo _d(1943- ) |
|
| 245 | 3 | 0 |
_aNew Cambridge Advanced English / _cLeo Jones. |
| 260 |
_aCambridge, UK : _bCambridge University Press, _c1998. |
||
| 300 |
_a192 pp : _bill. (some col.), facsims ; _c30 cm. |
||
| 650 | 9 |
_aEnglish language _xtextbooks for foreigners |
|
| 650 | 9 |
_aEnglish language _xCAE textbooks |
|
| 020 | _a052162939X | ||
| 040 | _cBPK | ||
| 041 | 0 | _aeng | |
| 920 | _a0-521-62939-X | ||
| 942 | _cKS | ||
| 008 | s uk f |000 0 eng | ||
| 999 |
_c48413 _d48413 |
||
| 856 |
_uhttp://koha.tu.koszalin.pl/cgi-bin/koha/opac-detail.pl?biblionumber=48413 _yKatalog online BPK |
||